Elek Gozsdu Sámson madara (Simsons Vogel) : eine Verwirklichung der klassischen Form der Novelle in der ungarischen Literatur /
Elmentve itt :
| Szerző: | |
|---|---|
| További közreműködők: | |
| Dokumentumtípus: | Könyv része |
| Megjelent: |
1998
|
| Sorozat: | Acta germanica
7 Erzählstrukturen : Studien zur Literatur der Jahrhundertwende 7 |
| Kulcsszavak: | Magyar irodalom története - 19-20. sz. |
| Tárgyszavak: | |
| Online Access: | http://acta.bibl.u-szeged.hu/2349 |
| LEADER | 00888naa a2200229 i 4500 | ||
|---|---|---|---|
| 001 | acta2349 | ||
| 005 | 20210921083105.0 | ||
| 008 | 161015s1998 hu o 0|| ger d | ||
| 022 | |a 0238-079X | ||
| 040 | |a SZTE Egyetemi Kiadványok Repozitórium |b hun | ||
| 041 | |a ger | ||
| 100 | 1 | |a Szajbély Mihály | |
| 245 | 1 | 0 | |a Elek Gozsdu |h [elektronikus dokumentum] : |b Sámson madara (Simsons Vogel) : eine Verwirklichung der klassischen Form der Novelle in der ungarischen Literatur / |c Szajbély Mihály |
| 260 | |c 1998 | ||
| 300 | |a 132-146 | ||
| 490 | 0 | |a Acta germanica |v 7 | |
| 490 | 0 | |a Erzählstrukturen : Studien zur Literatur der Jahrhundertwende |v 7 | |
| 650 | 4 | |a Bölcsészettudományok | |
| 650 | 4 | |a Nyelvek és irodalom | |
| 695 | |a Magyar irodalom története - 19-20. sz. | ||
| 700 | 0 | 1 | |a Gozsdu Elek |
| 856 | 4 | 0 | |u http://acta.bibl.u-szeged.hu/2349/1/germanica_007_132-146.pdf |z Dokumentum-elérés |